Geography by Letter - S #1 - Statistics

General Stats
  • This quiz has been taken 139,219 times
    40,175 since last reset
  • The average score is 16 of 20
Answer Stats
Hint Answer % Correct
World's largest non-polar desert Sahara
99%
Capital of Sweden Stockholm
94%
Edinburgh is its capital Scotland
93%
Country with the 2nd largest oil reserves Saudi Arabia
91%
World's 2nd most common native language Spanish
91%
River that flows through Paris Seine
86%
The vast eastern regions of Russia Siberia
86%
Nation found in the Horn of Africa Somalia
85%
Canal connecting the Mediterranean and Red Seas Suez
83%
Most populous city in South America São Paulo
81%
Largest Mediterranean island Sicily
81%
Country ruled by the African National Congress since 1994 South Africa
78%
Capital of California Sacramento
77%
The two main types of Muslims Sunni
77%
Small, wealthy nation known for corporal punishment Singapore
75%
Capital of New South Wales Sydney
72%
The two main types of Muslims Shia
71%
The largest island that is completely within Indonesia Sumatra
59%
Indigenous religion of Japan Shinto
58%
Southwestern Chinese province known for spicy cuisine Sichuan
53%
No matching quizzes found
Score Distribution
Percent of People with Each Score
Percentile by Number Answered
Your Score History
You have not taken this quiz since the last reset